LIBRARY & INFORMATION CENTRE, KCAET, TAVANUR

ONLINE PUBLIC ACCESS CATALOGUE (OPAC)

Chemotherapy of Malaria / (Record no. 1260)

MARC details
000 -LEADER
fixed length control field 00475cam a2200181ua 4500
041 ## - LANGUAGE CODE
Language code of text/sound track or separate title eng
082 ## - DEWEY DECIMAL CLASSIFICATION NUMBER
Classification number 616.9362061
Item number COV/CH
100 ## - MAIN ENTRY--AUTHOR NAME
Personal name Covell, Gordon .
245 ## - TITLE STATEMENT
Title Chemotherapy of Malaria /
260 ## - PUBLICATION, DISTRIBUTION, ETC. (IMPRINT)
Place of publication Geneva :
Name of publisher World Health Organisation ,
Year of publication 1955.
300 ## - PHYSICAL DESCRIPTION
Number of Pages 123 ; .
700 1# - ADDED ENTRY--PERSONAL NAME
Personal name Coatney, Robert .
700 1# - ADDED ENTRY--PERSONAL NAME
Personal name Field, John.W .
700 1# - ADDED ENTRY--PERSONAL NAME
Personal name Jaswant, Singh .
942 ## - ADDED ENTRY ELEMENTS (KOHA)
Koha item type Books
Holdings
Withdrawn status Lost status Damaged status Home library Current library Date acquired Full call number Accession Number Koha item type
      KAUAET KAUAET 07/04/2012 616.9362061 4623 Books
free website counter